000 00359pab a2200145 454500
008 180718b2015 xxu||||| |||| 00| 0 eng d
100 _aSrivastava, Arun
245 _aResurgence of the communist revolutionary force in Bihar
260 _c2015
300 _ap.9-12.
362 _a12 Dec
650 _aCommunism
773 _aMainstream
909 _a110902
999 _c110897
_d110897